Minority and Legal Age Limits (notice n° 406300)

détails MARC
000 -LEADER
fixed length control field 00862cam a2200157 4500500
005 - DATE AND TIME OF LATEST TRANSACTION
control field 20250119091253.0
041 ## - LANGUAGE CODE
Language code of text/sound track or separate title fre
042 ## - AUTHENTICATION CODE
Authentication code dc
100 10 - MAIN ENTRY--PERSONAL NAME
Personal name Servant, Patricia
Relator term author
245 00 - TITLE STATEMENT
Title Minority and Legal Age Limits
260 ## - PUBLICATION, DISTRIBUTION, ETC.
Date of publication, distribution, etc. 2016.<br/>
500 ## - GENERAL NOTE
General note 12
520 ## - SUMMARY, ETC.
Summary, etc. This summary presents the various legal age limits set in different branches of French law: labor law, civil law, and criminal law. It points out that the use of legal age limits aims to protect both children who have not yet reached the established legal limit, whilst allowing the minor who reaches it to progressively access majority status by granting him or her new rights.
786 0# - DATA SOURCE ENTRY
Note Agora débats/jeunesses | o 74 | 3 | 2016-10-03 | p. 113-117 | 1268-5666
856 41 - ELECTRONIC LOCATION AND ACCESS
Uniform Resource Identifier <a href="https://shs.cairn.info/journal-agora-debats-jeunesses-2016-3-page-113?lang=en&redirect-ssocas=7080">https://shs.cairn.info/journal-agora-debats-jeunesses-2016-3-page-113?lang=en&redirect-ssocas=7080</a>

Pas d'exemplaire disponible.

PLUDOC

PLUDOC est la plateforme unique et centralisée de gestion des bibliothèques physiques et numériques de Guinée administré par le CEDUST. Elle est la plus grande base de données de ressources documentaires pour les Étudiants, Enseignants chercheurs et Chercheurs de Guinée.

Adresse

627 919 101/664 919 101

25 boulevard du commerce
Kaloum, Conakry, Guinée

Réseaux sociaux

Powered by Netsen Group @ 2025